Quiz o imionach odkrywców - Statystyki

Ogólne statystyki
  • Ten quiz został rozwiązany 34 razy
  • Średni wynik to 6 z 24
Statystyki odpowiedzi
Imię Nazwisko % Poprawnych
Vasco da Gama
94%
Marco Polo
84%
Ferdynand Magellan
81%
James Cook
68%
Amerigo Vespucci
45%
Neil Armstrong
39%
Krzysztof Columb
32%
John Cabot
26%
Yuri Gagarin
23%
Abel Tasman
16%
Edmund Hillary
16%
Leif Erikson
16%
Roald Amundsen
16%
Amelia Earhart
13%
Bartolomeu Dias
13%
Vitus Bering
13%
Daniel Boone
10%
Henry Hudson
10%
Davy Crockett
6%
Jacques-Yves Cousteau
6%
Meriwether Lewis
6%
Robert Peary
6%
George Vancouver
3%
William Clark
3%
Nie znaleziono quizów pasujących do podanych kryteriów
Rozkład punktacji
Procent ludzi z każdym wynikiem
Percentyl według liczby udzielonych odpowiedzi
Twoja historia wyników
Nie rozwiązałeś tego quizu